<?xml version="1.0" encoding="UTF-8"?>
<record
    xmlns:xsi="http://www.w3.org/2001/XMLSchema-instance"
    xsi:schemaLocation="http://www.loc.gov/MARC21/slim http://www.loc.gov/standards/marcxml/schema/MARC21slim.xsd"
    xmlns="http://www.loc.gov/MARC21/slim">

  <leader>00751nab a2200205 uc4500</leader>
  <controlfield tag="001">641674</controlfield>
  <controlfield tag="005">20240201161623.0</controlfield>
  <controlfield tag="008">001221e19970901                    spa  </controlfield>
  <datafield tag="035" ind1=" " ind2=" ">
    <subfield code="a">641674</subfield>
  </datafield>
  <datafield tag="035" ind1=" " ind2=" ">
    <subfield code="a">(OCoLC)819878111</subfield>
  </datafield>
  <datafield tag="040" ind1=" " ind2=" ">
    <subfield code="c">comduadb</subfield>
  </datafield>
  <datafield tag="041" ind1=" " ind2=" ">
    <subfield code="a">spa</subfield>
  </datafield>
  <datafield tag="100" ind1="1" ind2="0">
    <subfield code="a">Duviols, Pierre</subfield>
    <subfield code="4">aut</subfield>
    <subfield code="e">aut</subfield>
    <subfield code="9">333969</subfield>
  </datafield>
  <datafield tag="245" ind1="1" ind2="0">
    <subfield code="a">Del discurso escrito colonial al discurso prehispanico: hacia el sistema sociocosmologico inca de oposicion y complementariedad</subfield>
  </datafield>
  <datafield tag="650" ind1=" " ind2=" ">
    <subfield code="a">Andes</subfield>
    <subfield code="9">173804</subfield>
  </datafield>
  <datafield tag="650" ind1=" " ind2=" ">
    <subfield code="a">Indigenas - Historia</subfield>
    <subfield code="9">7837</subfield>
  </datafield>
  <datafield tag="650" ind1=" " ind2=" ">
    <subfield code="a">Rituales religiosos</subfield>
    <subfield code="9">63726</subfield>
  </datafield>
  <datafield tag="773" ind1="0" ind2=" ">
    <subfield code="t">Bulletin de l'Institut Francais d'&#xC9;tudes Andines (Lima)</subfield>
    <subfield code="g">Volumen 026, N&#xFA;mero 03, Septiembre 1997, p. 279-305</subfield>
    <subfield code="w">463894</subfield>
    <subfield code="x">0303-7495</subfield>
    <subfield code="0">118571</subfield>
  </datafield>
  <datafield tag="942" ind1=" " ind2=" ">
    <subfield code="c">ARIMP</subfield>
  </datafield>
  <datafield tag="999" ind1=" " ind2=" ">
    <subfield code="c">169563</subfield>
    <subfield code="d">169563</subfield>
  </datafield>
</record>
